| 000 | 00359 a2200121 4500 | ||
|---|---|---|---|
| 001 | 64616 | ||
| 082 | _a025.04SHY | ||
| 090 |
_c38215 _d38215 |
||
| 100 | _aShyama Balakrishnan | ||
| 245 |
_aLibrary and Multimedia resources; _bencyclopedia of library and information technology |
||
| 260 |
_aND _bAnmol Publicastions Pvt Ltd _c2001 |
||
| 300 | _avii, 281 p , Hb | ||
| 942 |
_aNUST-CAE _k025.04SHY |
||
| 999 |
_c299689 _d299689 |
||